000 01820cam a22005054i 4500
003 PE-LiUPU
005 20250731165604.0
008 150706s r 000 0 d
020 _a0567030970
035 _a(Sirsi) i9780567030979
040 _aPE-LiUPU
_bspa
_cPE-LiUPU
_erda
049 _aPRUA
082 0 4 _a220.3
_bG48
_221
100 1 _aGilmore, Alec,
_eautor.
245 1 2 _aA concise dictionary of Bible origins and interpretation /
_cAlec Gilmore.
264 1 _aLondon ; New York :
_bT and T Clark,
_c2006.
300 _a228 páginas ;
_c24 centímetros
336 _atext
_2rdacontent
337 _aunmediated
_2rdamedia
338 _avolume
_2rdacarrier
504 _aIncluye bibliografía.
505 0 _aPreface to the first edition -- Preface to the second edition -- abbreviations -- Dictionary entries.
526 _aSEG44
526 _aSEG26
526 _aP151
526 _aP150
526 _aP149
526 _aP146
526 _aP145
526 _aP126
526 _aP125
526 _aP92
526 _aP75
526 _aP74
526 _aP27
526 _aP15
541 _g104-3776787-4588217;
630 0 4 _aBibia
_vDiccionarios.
910 _agl
_bjv
_clch
_d20090804
942 _2ddc
_cBOOK
949 _aRC 220.3 G48
_wDEWEY
_c1
_i59774
_lCCODEBUL1
_mBUL
_p27.00
_r0
_sY
_tBOOK
_u2015-7-6
_xTEOLOGIA
_PP85
_0COMPRA
_o.CIRCNOTE. No olvidar cambiar la fecha de devolución!!!!!!!
_o.STAFF. Colección General
994 _aC0
_bPEPRU
596 _a1
999 _aRC 220.3 G48
_wDEWEY
_c49307
_i59774
_f2021-11-30
_g6
_lCCODEBUL1
_mBUL
_p27.00
_r1
_sY
_tBOOK
_u2015-7-6
_xTEOLOGIA
_PP85
_0COMPRA
_o.CIRCNOTE. No olvidar cambiar la fecha de devolución!!!!!!!
_o.STAFF. Colección General
_d49307
980 _81
_gALBERTO SANCHEZ Responsable de Automatización